000 00511cam a22002171 4500
001 sa 64007408
003 DLC
005 20260227112046.0
008 940913s1962 ii 000 0 orio
010 _asa 64007408
025 _aPL480:I-O-132
035 _a(OCoLC)31095282
040 _aDLC
_cCU
_dCU
_dDLC
042 _apremarc
050 0 0 _aPK2579.B3
_bS2
100 1 _aBārika, Mohana Murāri.
245 1 0 _aṠaṅkha-koili.
260 _c[1962]
300 _a102 p.
_c18 cm.
500 _aIn Oriya.
999 _c60234
_d60234